000 00411nam a2200157Ia 4500
008 210716s2012 xx 000 0 und d
020 _a9781466304161
041 _aeng
082 _a005.73 KARN
100 _aKarumanchi, Narasimha.
245 _aData structures and algorithms made easy in java.
250 _a2
260 _bCareer Press
_c2012
300 _a419
650 _aData Structures & Algorithms
999 _c193700
_d193700